| 000 | 00435nam a22001577a 4500 | ||
|---|---|---|---|
| 003 | OSt | ||
| 008 | 210914b ||||| |||| 00| 0 eng d | ||
| 020 | _a9789390175086 | ||
| 082 |
_a621.47 _bRAT/BI |
||
| 100 |
_aRathore,N.S _95009 |
||
| 245 | _aBiomass Production & Efficient Uttilization for Energy Generation | ||
| 260 |
_aNew Delhi _bNew India Publishing Agency _c2021 |
||
| 300 | _a202 Pages | ||
| 700 | _aPanwar, N.L | ||
| 942 | _cBK | ||
| 999 |
_c17415 _d17415 |
||